Managing organizations in developing countries : (Record no. 16128)
[ view plain ]
| 000 -LEADER | |
|---|---|
| fixed length control field | 00504cam a2200169 a 4500 |
| 020 ## - INTERNATIONAL STANDARD BOOK NUMBER | |
| ISBN | 0931816750 |
| 020 ## - INTERNATIONAL STANDARD BOOK NUMBER | |
| ISBN | 0931816424 (pbk.) |
| 040 ## - CATALOGING SOURCE | |
| Transcribing agency | DLC |
| 082 00 - DEWEY DECIMAL CLASSIFICATION NUMBER | |
| Classification number | 658 KUM 1989 A105 Co. |
| 100 1# - MAIN ENTRY--AUTHOR NAME | |
| Personal name | Kiggundu, Moses N., |
| 245 10 - TITLE STATEMENT | |
| Title | Managing organizations in developing countries : |
| Remainder of title | an operational and strategic approach / |
| 260 ## - PUBLICATION, DISTRIBUTION, ETC. (IMPRINT) | |
| Place of publication | West Hartford, Conn. : |
| Name of publisher | Kumarian Press, |
| Year of publication | c1989. |
| 300 ## - PHYSICAL DESCRIPTION | |
| Number of Pages | xx, 328 p. : |
| Other physical details | ill ; |
| Dimensions | 24 cm. |
| 500 ## - GENERAL NOTE | |
| General note | Includes indexes. |
| 650 #0 - SUBJECT ADDED ENTRY--TOPICAL TERM | |
| Topical Term | Management |
| 942 ## - ADDED ENTRY ELEMENTS (KOHA) | |
| Koha item type | សៀវភៅភាសាអង់គ្លេស |
| 952 ## - LOCATION AND ITEM INFORMATION (KOHA) | |
| Withdrawn status [LOCAL, KOHA] | 0 |
| Permanent Location | Date acquired | Koha item type | Lost status | Shelving location | Barcode | Current Location | Full call number |
|---|---|---|---|---|---|---|---|
| Library Block A | 2018-01-15 | សៀវភៅភាសាអង់គ្លេស | A105 | A13593 | Library Block A | 658 KUM 1989 A105 Co. |